000
00208nam a22000857a 4500
008
160820b xxu||||| |||| 00| 0 eng d
100
_9
196
_a
Dass H.K
245
_a
Mathematics-XI
260
_a
New Delhi
_b
S.Chand
_c
2011
999
_c
2853
_d
2853